000 00753nam a2200265 i 4500
001 C2-0229601
003 PPAK
005 20201130094322.0
008 001008s2005 my a b|2 | 0 1 may d
020 _a9789831510018
_qpaperback
040 _aPPAK
_beng
_cPPAK
_erda
082 0 4 _a899.2333
_223
090 0 0 _a899.2333
_bNOR
_dK
100 0 _aNorman,
_eauthor.
245 1 0 _aCABUT LARI /
_cNORMAN
264 1 _aKuala Lumpur :
_bPenerbitan Fargoes Sdn. Bhd.,
_c2005
300 _a127 pages :
_c17 cm
_billustrations ;
336 _2rdacontent
_atext
337 _2rdamedia
_aunmediated
338 _2rdacarrier
_avolume
490 1 _aSIRI 5 SEKAWAN ;
_v2
650 1 0 _aChildren's stories, Malay
830 0 _aSiri 5 sekawan ;
_n2
942 _cB
_2ddc
999 _c180258
_d180258